<Der> Keynesianismus 5 Makroökonomik nach Keynes
Saved in:
| Other Authors: | , , |
|---|---|
| Format: | Book |
| Language: | German |
| Published: |
Berlin
Springer-Verlag
1984
|
| Edition: | 1. Aufl. |
| Series: | Wirtschaftspolitische Studien
|
| Subjects: | |
| Tags: |
No Tags, Be the first to tag this record!
|
MARC
| LEADER | 00000nam a2200000 4500 | ||
|---|---|---|---|
| 001 | c019404 | ||
| 005 | 20221220090632.7 | ||
| 020 | |a 3-540-13063-2 | ||
| 041 | 0 | |a ger | |
| 044 | |a DE | ||
| 245 | 1 | 0 | |a <Der> Keynesianismus 5 |b Makroökonomik nach Keynes |c Edit. Gottfried Bombach, Hans-Jürgen Ramser, Manfred Timmermann |
| 250 | |a 1. Aufl. | ||
| 264 | 1 | |a Berlin |b Springer-Verlag |c 1984 | |
| 300 | |a 221 s. | ||
| 490 | 1 | |a Wirtschaftspolitische Studien | |
| 830 | 0 | |a Wirtschaftspolitische Studien | |
| 610 | 2 | 0 | |a makroekonomika |
| 610 | 2 | 0 | |a keynesizmus |
| 610 | 2 | 0 | |a teórie ekonomické |
| 610 | 2 | 0 | |a hospodárstvo národné |
| 610 | 2 | 0 | |a hospodárstvo otvorené |
| 610 | 2 | 0 | |a mzdy |
| 610 | 2 | 0 | |a ceny |
| 610 | 2 | 0 | |a príjmy |
| 610 | 2 | 0 | |a zamestnanosť |
| 610 | 2 | 0 | |a kapitál |
| 610 | 2 | 0 | |a politika peňažná |
| 610 | 2 | 0 | |a portfólio |
| 610 | 2 | 0 | |a rovnováha |
| 700 | 1 | |a Bombach, Gottfried | |
| 700 | 1 | |a Ramser, Hans-Jürgen | |
| 700 | 1 | |a Timmermann, Manfred | |